[Event "Bremen-ch"]
[Site "Bremen"]
[Date "2019.04.16"]
[Round "5.20"]
[White "Rademacher, Uwe"]
[Black "Rose, Helmut"]
[Result "1-0"]
[WhiteElo "1527"]
[BlackElo "1441"]
[PlyCount "59"]
[EventDate "2019.04.13"]
[EventType "swiss"]
[EventRounds "9"]
[EventCountry "GER"]
[SourceTitle "EXT 2020"]
[Source "ChessBase"]
[SourceDate "2019.10.17"]
[SourceVersion "1"]
[SourceVersionDate "2019.10.17"]
[SourceQuality "1"]

1. e4 e6 2. d4 d5 3. exd5 exd5 4. c4 Nf6 5. Nc3 Be6 6. Nf3 Be7 7. Bd3 0-0 8. c5 c6 9. 0-0 b6 10. b4 a5 11. bxa5 bxc5 12. Bd2 c4 13. Bc2 Bb4 14. h3 Bxa5 15. Ng5 Bd7 16. Re1 Bb6 17. Bf4 h6 18. Nf3 Be6 19. Ne5 c5 20. dxc5 Bxc5 21. Qf3 Nbd7 22. Nxd7 Qxd7 23. Bxh6 gxh6 24. Qxf6 d4 25. Be4 dxc3 26. Qxh6 f6 27. Bxa8 Rxa8 28. Re4 Bf5 29. Rh4 Bh7 30. Rg4+ 1-0

[Event "Bremen-ch op"]
[Site "Bremen"]
[Date "2016.03.20"]
[Round "2"]
[White "Rose, Helmut"]
[Black "Sommer, Andreas"]
[Result "0-1"]
[WhiteElo "1511"]
[BlackElo "1821"]
[PlyCount "80"]
[EventDate "2016.03.19"]
[EventType "swiss"]
[EventRounds "9"]
[EventCountry "GER"]
[SourceTitle "EXT 2018"]
[Source "ChessBase"]
[SourceDate "2017.10.13"]
[SourceVersion "1"]
[SourceVersionDate "2017.10.13"]
[SourceQuality "1"]

1. d4 d5 2. c4 c6 3. Nc3 Nf6 4. Bg5 dxc4 5. e4 b5 6. e5 Nd5 7. Nf3 h6 8. Bd2 Na6 9. a3 Nac7 10. Be2 Bf5 11. 0-0 e6 12. b3 Nxc3 13. Bxc3 Nd5 14. Bb2 c3 15. Bc1 a5 16. Ne1 Be7 17. Nc2 Bxc2 18. Qxc2 0-0 19. Kh1 f5 20. Bf3 b4 21. a4 Bg5 22. Bxg5 Qxg5 23. Rad1 Rad8 24. g3 f4 25. h4 Qf5 26. Qxf5 Rxf5 27. Bg4 Rff8 28. Bxe6+ Kh8 29. g4 g5 30. hxg5 hxg5 31. Kg2 Kg7 32. Rh1 f3+ 33. Kg3 Nf4 34. Bc4 Ne2+ 35. Bxe2 fxe2 36. Rde1 Rxd4 37. Rxe2 Rd3+ 38. Kh2 Rh8+ 39. Kg2 Rxh1 40. Kxh1 Rd2 0-1

[Event "Bremen-ch op"]
[Site "Bremen"]
[Date "2016.03.20"]
[Round "3"]
[White "Schubert, Karl Heinz"]
[Black "Rose, Helmut"]
[Result "0-1"]
[WhiteElo "1027"]
[BlackElo "1511"]
[PlyCount "86"]
[EventDate "2016.03.19"]
[EventType "swiss"]
[EventRounds "9"]
[EventCountry "GER"]
[SourceTitle "EXT 2018"]
[Source "ChessBase"]
[SourceDate "2017.10.13"]
[SourceVersion "1"]
[SourceVersionDate "2017.10.13"]
[SourceQuality "1"]

1. e4 e6 2. b3 c6 3. Bb2 d5 4. e5 c5 5. Nf3 Nc6 6. Bb5 a6 7. Bxc6+ bxc6 8. d3 Ne7 9. Ng5 Nf5 10. h4 Be7 11. f4 0-0 12. g4 Ne3 13. Qe2 d4 14. Na3 h6 15. Nf3 f6 16. Nc4 a5 17. Nxe3 dxe3 18. Qxe3 f5 19. g5 h5 20. 0-0-0 a4 21. Ba3 Qb6 22. Nd2 axb3 23. Nc4 bxa2 24. Nxb6 a1Q+ 25. Kd2 Qxa3 26. Nxa8 Qxa8 27. Ra1 Qb7 28. Qf3 g6 29. Ra4 Rd8 30. Rha1 Qd7 31. Ra7 Qe8 32. Rc7 Bd7 33. Raa7 Bf8 34. Qe3 Bc8 35. Ra8 c4 36. Qb6 cxd3 37. c3 c5 38. Rc6 Be7 39. Rxe6 Bxe6 40. Qxe6+ Kf8 41. Ra6 Qb5 42. Rb6 Qa4 43. Rb7 Qc2+ 0-1